<?xml version="1.0" encoding="UTF-8"?>
<collection xmlns="http://www.loc.gov/MARC21/slim">
 <record>
  <leader>00585nam a22001575a 4500</leader>
  <controlfield tag="001">EUN.um040879</controlfield>
  <controlfield tag="003">AR-BaUNS</controlfield>
  <controlfield tag="005">20050623122912.0</controlfield>
  <controlfield tag="008">041125s1971####ag#a##########000#0#spa#d</controlfield>
  <datafield tag="245" ind1="1" ind2="0">
   <subfield code="a">Proyecto de fabricación de un escarificador radial con accionamiento hidráulico /</subfield>
   <subfield code="c">Roberto P. Lysek.</subfield>
  </datafield>
  <datafield tag="260" ind1=" " ind2=" ">
   <subfield code="a">Bahía Blanca :</subfield>
   <subfield code="b">Universidad Nacional del Sur,</subfield>
   <subfield code="c">1971.</subfield>
  </datafield>
  <datafield tag="300" ind1=" " ind2=" ">
   <subfield code="a">29 h. :</subfield>
   <subfield code="b">ilus. ;</subfield>
   <subfield code="c">29,5 cm. .</subfield>
  </datafield>
  <datafield tag="490" ind1="0" ind2=" ">
   <subfield code="a">Dpto. de Ingeniería. Práctica final de carrera</subfield>
  </datafield>
  <datafield tag="100" ind1="1" ind2=" ">
   <subfield code="a">Lysek, Roberto P.</subfield>
  </datafield>
  <datafield tag="082" ind1="0" ind2="4">
   <subfield code="a">631.3</subfield>
  </datafield>
  <datafield tag="859" ind1=" " ind2=" ">
   <subfield code="a">Ar-BaUNS</subfield>
   <subfield code="b">BIB. CENTRAL - Sector C</subfield>
   <subfield code="h">631.3</subfield>
   <subfield code="i">L989-2</subfield>
   <subfield code="p">86896/981</subfield>
  </datafield>
 </record>
</collection>
